[Event "Saint Louis Spring-B"]
[Site "Saint Louis"]
[Date "2024.04.17"]
[Round "7"]
[White "Kantor, Gergely"]
[Black "Woodward, Andy"]
[Result "1-0"]
[WhiteElo "2527"]
[BlackElo "2515"]
[PlyCount "73"]
[EventDate "2024.04.11"]
[EventType "tourn"]
[EventRounds "9"]
[EventCountry "USA"]
[EventCategory "10"]
[SourceTitle "CB17_2024"]
[SourceDate "2024.04.24"]
[SourceVersion "1"]
[SourceVersionDate "2024.04.24"]
[SourceQuality "1"]

1. Nf3 Nf6 2. c4 g6 3. Nc3 d5 4. cxd5 Nxd5 5. h4 Bg7 6. h5 Nc6 7. d4 Nb6 8. Bf4 Bg4 9. hxg6 hxg6 10. Rxh8+ Bxh8 11. e3 e5 12. dxe5 Qxd1+ 13. Rxd1 Bxf3 14. gxf3 Nxe5 15. Nb5 Rc8 16. Bh3 f5 17. Ke2 a6 18. Nc3 Nec4 19. b3 Nb2 20. Rc1 c5 21. Ne4 Rc6 22. Nd6+ Ke7 23. Nxb7 c4 24. Bg5+ Bf6 25. Bxf6+ Kxf6 26. Na5 Rc5 27. Nxc4 g5 28. Bxf5 N2xc4 29. Bb1 Rb5 30. bxc4 Rb2+ 31. Kf1 Ke5 32. c5 Nd5 33. Be4 Nc7 34. Rc2 Rxc2 35. Bxc2 Kd5 36. Kg2 Ne8 37. c6 1-0

[Event "Saint Louis Spring-B"]
[Site "Saint Louis"]
[Date "2024.04.13"]
[Round "3"]
[White "Chandra, Akshat"]
[Black "Kantor, Gergely"]
[Result "1-0"]
[WhiteElo "2489"]
[BlackElo "2527"]
[PlyCount "169"]
[EventDate "2024.04.11"]
[EventType "tourn"]
[EventRounds "9"]
[EventCountry "USA"]
[EventCategory "10"]
[SourceTitle "CB17_2024"]
[SourceDate "2024.04.24"]
[SourceVersion "1"]
[SourceVersionDate "2024.04.24"]
[SourceQuality "1"]

1. e4 e5 2. Nf3 Nc6 3. Bc4 Nf6 4. d3 Bc5 5. Bg5 h6 6. Bh4 d6 7. c3 a5 8. Nbd2 Ba7 9. a4 Qe7 10. 0-0 g5 11. Bg3 0-0 12. Re1 g4 13. Bh4 Nd8 14. Nd4 c6 15. Nf5 Bxf5 16. exf5 d5 17. d4 e4 18. Be2 h5 19. Nf1 Qd6 20. Qd2 Nh7 21. Ng3 Bb8 22. f3 gxf3 23. gxf3 Re8 24. Bd3 Qf4 25. Qxf4 Bxf4 26. fxe4 Bg5 27. Bxg5 Nxg5 28. Kg2 dxe4 29. h4 Nh7 30. Nxe4 Kf8 31. Kf3 b6 32. Rg1 Nb7 33. Rg2 Rad8 34. Rag1 Ke7 35. Rg7 Nf6 36. Bc4 Rf8 37. Ng5 Nd6 38. Re1+ Kd7 39. Bxf7 Kc8 40. Bg6 Nfe8 41. Ra7 Kb8 42. Ree7 Nxf5 43. Reb7+ Kc8 44. Bxf5+ Rxf5+ 45. Ke2 Rd6 46. Re7 Kb8 47. Reb7+ Kc8 48. Rh7 Kb8 49. Rae7 Rf8 50. Rxh5 Rdf6 51. Kd3 Nd6 52. Rhh7 c5 53. dxc5 bxc5 54. Re6 c4+ 55. Kd4 Rf4+ 56. Kc5 Nc8 57. Re5 Na7 58. Re4 Rc8+ 59. Kd5 Rf5+ 60. Re5 Rf2 61. Ree7 Rd2+ 62. Ke4 Nc6 63. Rb7+ Ka8 64. Rbc7 Re8+ 65. Kf4 Ne5 66. Ra7+ Kb8 67. Rhb7+ Kc8 68. Ra8+ Kxb7 69. Rxe8 Nd3+ 70. Kg3 Nxb2 71. h5 Rd6 72. Re7+ Kc8 73. Nf7 Rd3+ 74. Kg4 Nd1 75. h6 Nf2+ 76. Kf5 Rf3+ 77. Ke6 Re3+ 78. Kd6 Rh3 79. Kc6 Kb8 80. Kb6 Kc8 81. h7 Rxh7 82. Nd6+ Kd8 83. Rxh7 Ng4 84. Ra7 Nf6 85. Kc6 1-0

[Event "Chessable Masters Play In"]
[Site "Chess.com INT"]
[Date "2024.01.31"]
[Round "9"]
[White "Kantor, Gergely"]
[Black "Durarbayli, Vasif"]
[Result "0-1"]
[WhiteElo "2531"]
[BlackElo "2627"]
[PlyCount "112"]
[EventDate "2024.01.31"]
[EventType "swiss (rapid)"]
[EventRounds "9"]
[EventCountry "USA"]
[SourceTitle "CB06_2024"]
[SourceDate "2024.02.07"]
[SourceVersion "1"]
[SourceVersionDate "2024.02.07"]
[SourceQuality "1"]

1. d4 Nf6 2. c4 e6 3. Nf3 b6 4. a3 Bb7 5. Bf4 Be7 6. Nc3 Nh5 7. Bd2 f5 8. d5 0-0 9. g3 Na6 10. b4 c5 11. dxc6 dxc6 12. Bg2 c5 13. b5 Nc7 14. 0-0 Bf6 15. Qc2 Qe7 16. a4 a5 17. Rad1 Bd4 18. Nxd4 Bxg2 19. Nxf5 exf5 20. Kxg2 Rae8 21. e3 Qf7 22. Qd3 Nf6 23. Bc1 Ng4 24. Qe2 Ne5 25. Nd5 Nxd5 26. Rxd5 Ng6 27. Qc2 Re4 28. Bb2 Ne7 29. Rd7 Rxc4 30. Qb3 Re8 31. Rfd1 Rb4 32. Qc3 Rxa4 33. Rd8 Kf8 34. Qe5 Qg6 35. R1d7 Re4 36. Qc7 f4 37. exf4 Re6 38. Be5 Qe4+ 39. Kg1 Rxd8 40. Qxd8+ Kf7 41. Rd1 a4 42. Qh8 Qg6 43. Rd8 Qb1+ 44. Kg2 Qe4+ 45. Kg1 Qb1+ 46. Kg2 Qe4+ 47. Kh3 Rh6+ 48. Kg4 Rg6+ 49. Kh3 Rh6+ 50. Kg4 Qe2+ 51. f3 Rg6+ 52. Kh3 Rh6+ 53. Kg4 Rg6+ 54. Kh3 Qf1+ 55. Kh4 Nf5+ 56. Kh5 Qh3# 0-1

[Event "Chessable Masters Play In"]
[Site "Chess.com INT"]
[Date "2024.01.31"]
[Round "7"]
[White "Niemann, Hans Moke"]
[Black "Kantor, Gergely"]
[Result "1-0"]
[WhiteElo "2692"]
[BlackElo "2531"]
[PlyCount "131"]
[EventDate "2024.01.31"]
[EventType "swiss (rapid)"]
[EventRounds "9"]
[EventCountry "USA"]
[SourceTitle "CB06_2024"]
[SourceDate "2024.02.07"]
[SourceVersion "1"]
[SourceVersionDate "2024.02.07"]
[SourceQuality "1"]

1. e4 e5 2. Nf3 Nc6 3. Bc4 Nf6 4. d3 Bc5 5. 0-0 0-0 6. h3 d6 7. c3 a5 8. Re1 Ba7 9. Bb3 h6 10. Nbd2 Be6 11. Ba4 Qb8 12. Bb5 Bc5 13. Nf1 Qa7 14. Re2 a4 15. Ng3 Qa5 16. Bxc6 bxc6 17. Rc2 Bb6 18. Bd2 Qa6 19. Qe2 Kh7 20. c4 Ng8 21. Nh4 g6 22. Kh2 Bd4 23. Rb1 Rab8 24. Nf3 Bc5 25. b4 axb3 26. axb3 Bb4 27. d4 Bxd2 28. Qxd2 f6 29. Ra2 Qb6 30. c5 Qb4 31. Qxb4 Rxb4 32. Ra6 Ne7 33. Ra7 dxc5 34. Rxc7 Rf7 35. dxe5 f5 36. exf5 gxf5 37. Ra1 f4 38. Nh5 Kg6 39. Nf6 Rxb3 40. Raa7 Nf5 41. Rxf7 Bxf7 42. Rc7 Rxf3 43. gxf3 Nd4 44. Kg2 c4 45. Ne4 Bd5 46. Nc3 Bxf3+ 47. Kf1 Kf5 48. Ke1 Kxe5 49. Re7+ Kf5 50. Rh7 h5 51. Rf7+ Ke5 52. Rg7 Kf5 53. h4 Bg4 54. Rg5+ Ke6 55. Rc5 Nf3+ 56. Kf1 Kd6 57. Ne4+ Kc7 58. Rxc4 Nxh4 59. Nf6 Ng6 60. Rc5 Kb8 61. Rxc6 Bf3 62. Nd7+ Kb7 63. Rxg6 h4 64. Ne5 Be4 65. Rh6 Kc7 66. Rxh4 1-0

[Event "HUN-ch"]
[Site "Budapest"]
[Date "2023.12.12"]
[Round "1"]
[White "Kantor, Gergely"]
[Black "Gaal, Zsoka"]
[Result "1-0"]
[WhiteElo "2531"]
[BlackElo "2325"]
[PlyCount "55"]
[EventDate "2023.12.12"]
[EventType "swiss"]
[EventRounds "9"]
[EventCountry "HUN"]
[SourceTitle "CB52_2023"]
[SourceDate "2023.12.27"]
[SourceVersion "1"]
[SourceVersionDate "2023.12.27"]
[SourceQuality "1"]

1. e4 e5 2. Nf3 Nc6 3. Bb5 a6 4. Ba4 Nf6 5. 0-0 Be7 6. Re1 b5 7. Bb3 d6 8. a4 b4 9. d4 Bg4 10. dxe5 Nxe5 11. Nbd2 0-0 12. h3 Bc8 13. Nxe5 dxe5 14. Qf3 a5 15. Nc4 Nd7 16. Be3 Ra6 17. Red1 Qe8 18. Rd5 Rf6 19. Qd1 Rg6 20. Rxa5 Bd8 21. Kh1 Qe7 22. Qh5 c5 23. Ra7 Qe6 24. Rd1 Qc6 25. Rdxd7 Bxd7 26. Nxe5 Qb6 27. Rxd7 Rf6 28. Nxf7 1-0

[Event "ROM GP KO final"]
[Site "Alba Iulia"]
[Date "2023.12.05"]
[Round "1.1"]
[White "Kantor, Gergely"]
[Black "Chigaev, Maksim"]
[Result "1-0"]
[WhiteElo "2531"]
[BlackElo "2621"]
[PlyCount "105"]
[EventDate "2023.12.05"]
[EventType "k.o."]
[EventRounds "3"]
[EventCountry "ROU"]
[SourceTitle "CB50_2023"]
[SourceDate "2023.12.13"]
[SourceVersion "1"]
[SourceVersionDate "2023.12.13"]
[SourceQuality "1"]

1. d4 Nf6 2. c4 g6 3. Nc3 Bg7 4. e4 d6 5. Nf3 0-0 6. Be2 e5 7. 0-0 Bg4 8. d5 a5 9. Be3 Na6 10. a3 Bd7 11. Nd2 h5 12. h3 Nh7 13. Qc2 Bf6 14. Nf3 b6 15. Rab1 Ng5 16. b4 Nxf3+ 17. Bxf3 Bg5 18. Qd2 Bxe3 19. Qxe3 Qf6 20. Be2 Qf4 21. Qxf4 exf4 22. h4 Kg7 23. c5 axb4 24. axb4 bxc5 25. Bxa6 Rxa6 26. bxc5 dxc5 27. Rb7 Rc8 28. Rc1 Kf6 29. Ne2 Ke5 30. f3 Rb6 31. Ra7 Rb2 32. Nc3 Kd6 33. Ra6+ Rb6 34. Ra5 f6 35. Ne2 g5 36. Raxc5 c6 37. hxg5 fxg5 38. Nd4 cxd5 39. Rxc8 Bxc8 40. Rxc8 dxe4 41. fxe4 g4 42. Nf5+ Ke5 43. Re8+ Kf6 44. Nd4 Rb1+ 45. Kf2 Rb2+ 46. Ne2 Kg5 47. Re5+ Kh4 48. Rf5 f3 49. gxf3 g3+ 50. Ke3 Rb3+ 51. Kf4 g2 52. Rg5 g1Q 53. Rxg1 1-0

[Event "Sebes GP op"]
[Site "Sebes"]
[Date "2023.11.05"]
[Round "7"]
[White "Kantor, Gergely"]
[Black "Magold, Filip"]
[Result "1-0"]
[WhiteElo "2527"]
[BlackElo "2317"]
[PlyCount "45"]
[EventDate "2023.11.04"]
[EventType "swiss"]
[EventRounds "10"]
[EventCountry "ROU"]
[SourceTitle "CB46_2023"]
[SourceDate "2023.11.15"]
[SourceVersion "1"]
[SourceVersionDate "2023.11.15"]
[SourceQuality "1"]

1. d4 d5 2. c4 dxc4 3. e4 e5 4. Nf3 Bb4+ 5. Nc3 exd4 6. Nxd4 Nf6 7. Qa4+ c6 8. Qxb4 Qxd4 9. Bxc4 Be6 10. Qxb7 Bxc4 11. Be3 Qd7 12. Qxa8 0-0 13. Qxa7 Qg4 14. Qd4 Ba6 15. h3 Qxg2 16. 0-0-0 Qf3 17. Rhg1 Nbd7 18. Bh6 g6 19. Rg3 Qh5 20. Bxf8 Kxf8 21. Qd6+ Kg7 22. Qxc6 Nc5 23. b4 1-0

[Event "AI Cup Play In"]
[Site "Chess.com INT"]
[Date "2023.09.18"]
[Round "2"]
[White "Hakobyan, Aram"]
[Black "Kantor, Gergely"]
[Result "1/2-1/2"]
[WhiteElo "2617"]
[BlackElo "2529"]
[PlyCount "98"]
[EventDate "2023.09.18"]
[EventType "swiss (rapid)"]
[EventRounds "9"]
[EventCountry "USA"]
[SourceTitle "EXT 2024"]
[Source "ChessBase"]
[SourceDate "2023.10.10"]
[SourceVersion "1"]
[SourceVersionDate "2023.10.10"]
[SourceQuality "1"]

1. d4 Nf6 2. c4 e6 3. Nc3 Bb4 4. e3 0-0 5. a3 Bxc3+ 6. bxc3 d6 7. Ne2 e5 8. Ng3 Nc6 9. f3 b6 10. e4 Na5 11. Bd3 Ba6 12. Nf5 Nd7 13. 0-0 Bxc4 14. Bxc4 Nxc4 15. f4 Kh8 16. fxe5 dxe5 17. Qg4 Rg8 18. Rf3 Nd6 19. Bg5 f6 20. Be3 Nxf5 21. Qxf5 Re8 22. Rh3 Nf8 23. d5 Qc8 24. Qh5 c6 25. c4 cxd5 26. cxd5 Qc4 27. Qf5 Qc8 28. Qf3 Qd7 29. Rf1 Rac8 30. g4 Ng6 31. Rh5 Rc4 32. Qh3 Nf8 33. Qf3 Qf7 34. Rf5 Qg6 35. g5 Nd7 36. Kh1 Rec8 37. Rg1 Qf7 38. gxf6 gxf6 39. Rfg5 Rc3 40. R5g3 Rf8 41. Qg4 Nc5 42. Bh6 Rxg3 43. Rxg3 Rg8 44. Qf5 Rxg3 45. hxg3 Qg6 46. Qc8+ Qg8 47. Qf5 Qg6 48. Qc8+ Qg8 49. Qf5 Qg6 1/2-1/2

[Event "AI Cup Play In"]
[Site "Chess.com INT"]
[Date "2023.09.18"]
[Round "4"]
[White "Kantor, Gergely"]
[Black "Nesterov, Arseniy"]
[Result "1/2-1/2"]
[WhiteElo "2529"]
[BlackElo "2575"]
[PlyCount "59"]
[EventDate "2023.09.18"]
[EventType "swiss (rapid)"]
[EventRounds "9"]
[EventCountry "USA"]
[SourceTitle "EXT 2024"]
[Source "ChessBase"]
[SourceDate "2023.10.10"]
[SourceVersion "1"]
[SourceVersionDate "2023.10.10"]
[SourceQuality "1"]

1. d4 d5 2. c4 c6 3. Nf3 Nf6 4. Nc3 e6 5. Bg5 dxc4 6. e4 b5 7. e5 h6 8. Bh4 g5 9. Nxg5 hxg5 10. Bxg5 Be7 11. exf6 Bxf6 12. Bf4 Qxd4 13. Qf3 Be5 14. Bg5 Qc5 15. 0-0-0 Nd7 16. h4 Bb7 17. Rxd7 Kxd7 18. Qxf7+ Kc8 19. Be2 Rf8 20. Qxe6+ Kc7 21. Ne4 Bxb2+ 22. Kxb2 Qb4+ 23. Ka1 Rae8 24. Qg6 c3 25. Qg7+ Kb8 26. Nxc3 Rg8 27. Qf6 Rgf8 28. Qg7 Rg8 29. Qf6 Rgf8 30. Qg7 1/2-1/2

[Event "AI Cup Play In"]
[Site "Chess.com INT"]
[Date "2023.09.18"]
[Round "7"]
[White "Kantor, Gergely"]
[Black "Rasulov, Vugar Ural Oglu"]
[Result "1-0"]
[WhiteElo "2529"]
[BlackElo "2538"]
[PlyCount "49"]
[EventDate "2023.09.18"]
[EventType "swiss (rapid)"]
[EventRounds "9"]
[EventCountry "USA"]
[SourceTitle "EXT 2024"]
[Source "ChessBase"]
[SourceDate "2023.10.10"]
[SourceVersion "1"]
[SourceVersionDate "2023.10.10"]
[SourceQuality "1"]

1. d4 Nf6 2. c4 e6 3. Nf3 b6 4. a3 Ba6 5. Qc2 c5 6. e4 cxd4 7. e5 Ng8 8. Nxd4 Bb7 9. Nc3 Nc6 10. Nxc6 Bxc6 11. Bf4 Ne7 12. 0-0-0 Ng6 13. Bg3 Qc7 14. f4 Be7 15. h4 d6 16. h5 Nf8 17. h6 gxh6 18. Ne4 Bxe4 19. Qxe4 Rc8 20. f5 Rg8 21. exd6 Bg5+ 22. Kb1 Qc6 23. Qe2 Qc5 24. fxe6 fxe6 25. d7+ 1-0